[Event "SC Rochade Emsdetten 3 - SV Heiden 2"]
[Site "Verbandklasse Platz 9 - 11 20"]
[Date "2023.04.22"]
[Round "3.1"]
[White "Wienen, Josef"]
[Black "Willermann, Norbert"]
[Result "0-1"]
[WhiteElo "1574"]
[BlackElo "1643"]
[PlyCount "52"]
[EventDate "2023.??.??"]
[SourceTitle "Verband Muensterland"]
[SourceDate "2023.04.29"]
[SourceVersion "1"]
[SourceVersionDate "2023.04.29"]
[SourceQuality "1"]
[WhiteTeam "Heiden II"]
[BlackTeam "Emsdetten Rochade III"]
[WhiteTeamCountry "GER"]
[BlackTeamCountry "GER"]

1. c4 Nf6 2. d4 g6 3. Nc3 Bg7 4. e4 d6 5. Be2 O-O 6. Nf3 e5 7. dxe5 dxe5 8.
Qxd8 Rxd8 9. O-O Nc6 10. Bg5 Nd4 11. Nxd4 Rxd4 12. Bxf6 Bxf6 13. Rad1 Be6 14.
Rxd4 exd4 15. Nd5 Bxd5 16. cxd5 c5 17. f4 a6 18. e5 Bg7 19. a4 Rd8 20. d6 f6
21. Bc4+ Kf8 22. Re1 fxe5 23. fxe5 Ke8 24. e6 Rxd6 25. e7 Rf6 26. Bd5 Bh6 0-1

[Event "SC Rochade Emsdetten 3 - SV Heiden 2"]
[Site "Verbandklasse Platz 9 - 11 20"]
[Date "2023.04.22"]
[Round "3.2"]
[White "Schmidt, Frank"]
[Black "Dolle, Stefan"]
[Result "0-1"]
[WhiteElo "1594"]
[BlackElo "1805"]
[PlyCount "62"]
[EventDate "2023.??.??"]
[SourceTitle "Verband Muensterland"]
[SourceDate "2023.04.29"]
[SourceVersion "1"]
[SourceVersionDate "2023.04.29"]
[SourceQuality "1"]
[WhiteTeam "Emsdetten Rochade III"]
[BlackTeam "Heiden II"]
[WhiteTeamCountry "GER"]
[BlackTeamCountry "GER"]

1. d4 d5 2. c4 e6 3. Nc3 Nf6 4. Bg5 Be7 5. e3 O-O 6. Nf3 h6 7. Bh4 Nbd7 8. Bd3
dxc4 9. Bxc4 a6 10. O-O b5 11. Bb3 Bb7 12. a3 c5 13. Rc1 cxd4 14. Nxd4 Qb6 15.
Qe2 Rac8 16. Rfd1 Rfd8 17. Ba2 b4 18. axb4 Qxb4 19. Bg3 Nc5 20. Nf3 Nfe4 21.
Nxe4 Bxe4 22. Rd4 Rxd4 23. exd4 Bxf3 24. gxf3 Qxd4 25. Be5 Qa4 26. b3 Qd7 27.
Qc2 Rd8 28. Bb1 f5 29. Qc4 Qd5 30. Qxd5 Rxd5 31. Re1 Nd3 0-1

[Event "SC Rochade Emsdetten 3 - SV Heiden 2"]
[Site "Verbandklasse Platz 9 - 11 20"]
[Date "2023.04.22"]
[Round "3.3"]
[White "Wichert, Michael"]
[Black "Borgmann, Simon"]
[Result "1/2-1/2"]
[WhiteElo "1725"]
[BlackElo "1622"]
[PlyCount "53"]
[EventDate "2023.??.??"]
[SourceTitle "Verband Muensterland"]
[SourceDate "2023.04.29"]
[SourceVersion "1"]
[SourceVersionDate "2023.04.29"]
[SourceQuality "1"]
[WhiteTeam "Heiden II"]
[BlackTeam "Emsdetten Rochade III"]
[WhiteTeamCountry "GER"]
[BlackTeamCountry "GER"]

1. b4 Nf6 2. Bb2 e6 3. b5 b6 4. Nf3 Bb7 5. e3 c5 6. Be2 Be7 7. O-O O-O 8. d3 d6
9. Nbd2 Nbd7 10. c4 Qc7 11. Qb3 Rfd8 12. Rfe1 Nf8 13. a4 a5 14. bxa6 Rxa6 15.
Qc3 Rda8 16. Bd1 Bc6 17. h4 Bxa4 18. Bxa4 Rxa4 19. Rad1 Qa7 20. Nb3 Qa6 21. g4
Ne8 22. g5 Qb7 23. Nbd2 Qa6 24. Nh2 Qa5 25. Qc2 Nd7 26. Nb3 Qa6 27. f4 1/2-1/2

[Event "SC Rochade Emsdetten 3 - SV Heiden 2"]
[Site "Verbandklasse Platz 9 - 11 20"]
[Date "2023.04.22"]
[Round "3.4"]
[White "Pfeiffer, Erich"]
[Black "Buchner, Ralf"]
[Result "1/2-1/2"]
[WhiteElo "1591"]
[BlackElo "1614"]
[PlyCount "29"]
[EventDate "2023.??.??"]
[SourceTitle "Verband Muensterland"]
[SourceDate "2023.04.29"]
[SourceVersion "1"]
[SourceVersionDate "2023.04.29"]
[SourceQuality "1"]
[WhiteTeam "Emsdetten Rochade III"]
[BlackTeam "Heiden II"]
[WhiteTeamCountry "GER"]
[BlackTeamCountry "GER"]

1. Nc3 Nf6 2. d4 d6 3. Bg5 g6 4. Bxf6 exf6 5. Nf3 Bg7 6. e4 O-O 7. Be2 Nc6 8.
O-O f5 9. Qd2 fxe4 10. Nxe4 Bd7 11. c3 Qe7 12. Ng3 Rae8 13. Rfe1 Qd8 14. a3 Qc8
15. Bb5 1/2-1/2

[Event "SC Rochade Emsdetten 3 - SV Heiden 2"]
[Site "Verbandklasse Platz 9 - 11 20"]
[Date "2023.04.22"]
[Round "3.5"]
[White "Sicking, Andreas"]
[Black "Overmeyer, Juergen"]
[Result "1/2-1/2"]
[WhiteElo "1650"]
[BlackElo "1596"]
[PlyCount "40"]
[EventDate "2023.??.??"]
[SourceTitle "Verband Muensterland"]
[SourceDate "2023.04.29"]
[SourceVersion "1"]
[SourceVersionDate "2023.04.29"]
[SourceQuality "1"]
[WhiteTeam "Heiden II"]
[BlackTeam "Emsdetten Rochade III"]
[WhiteTeamCountry "GER"]
[BlackTeamCountry "GER"]

1. e4 c5 2. f4 Nc6 3. Nf3 d6 4. Be2 f5 5. exf5 Bxf5 6. O-O g6 7. Nh4 e6 8. Nxf5
exf5 9. c3 Qb6 10. d3 O-O-O 11. Nd2 d5 12. Nf3 Bg7 13. Ng5 Rd7 14. Qb3 Qxb3 15.
axb3 b6 16. Bf3 Nd8 17. Bd2 h6 18. Nh3 d4 19. c4 Nf6 20. Nf2 Re8 1/2-1/2

[Event "SC Rochade Emsdetten 3 - SV Heiden 2"]
[Site "Verbandklasse Platz 9 - 11 20"]
[Date "2023.04.22"]
[Round "3.6"]
[White "Gatterdam, Karl Heinz"]
[Black "Spoeler, Gerd"]
[Result "1/2-1/2"]
[WhiteElo "1666"]
[BlackElo "1602"]
[PlyCount "36"]
[EventDate "2023.??.??"]
[SourceTitle "Verband Muensterland"]
[SourceDate "2023.04.29"]
[SourceVersion "1"]
[SourceVersionDate "2023.04.29"]
[SourceQuality "1"]
[WhiteTeam "Emsdetten Rochade III"]
[BlackTeam "Heiden II"]
[WhiteTeamCountry "GER"]
[BlackTeamCountry "GER"]

1. d4 d5 2. c4 e6 3. Nc3 Nf6 4. cxd5 exd5 5. Bg5 Be7 6. e3 O-O 7. Bd3 Re8 8.
Qc2 g6 9. Nf3 Nc6 10. a3 Nh5 11. Bxe7 Rxe7 12. O-O f5 13. g3 Nf6 14. b4 Kg7 15.
b5 Nb8 16. Rac1 Be6 17. Na4 Bg8 18. Nc5 c6 1/2-1/2

[Event "SC Rochade Emsdetten 3 - SV Heiden 2"]
[Site "Verbandklasse Platz 9 - 11 20"]
[Date "2023.04.22"]
[Round "3.7"]
[White "Knop, Adrian"]
[Black "Schneider, Richard"]
[Result "1-0"]
[WhiteElo "1591"]
[BlackElo "1607"]
[PlyCount "55"]
[EventDate "2023.??.??"]
[SourceTitle "Verband Muensterland"]
[SourceDate "2023.04.29"]
[SourceVersion "1"]
[SourceVersionDate "2023.04.29"]
[SourceQuality "1"]
[WhiteTeam "Heiden II"]
[BlackTeam "Emsdetten Rochade III"]
[WhiteTeamCountry "GER"]
[BlackTeamCountry "GER"]

1. e4 c5 2. Nf3 Nc6 3. d4 cxd4 4. Nxd4 d6 5. Nc3 a6 6. Be3 Bd7 7. Bd3 Nf6 8. h3
e6 9. Qd2 Be7 10. f4 b5 11. f5 Nxd4 12. Bxd4 exf5 13. exf5 Nh5 14. g4 Bh4+ 15.
Bf2 O-O 16. gxh5 Re8+ 17. Kd1 Bg5 18. Be3 Bxe3 19. Qg2 Qf6 20. Rb1 Qd4 21. Nd5
Rac8 22. f6 g6 23. hxg6 hxg6 24. Ne7+ Kh7 25. Nxg6 Kh6 26. Ne7 Qxf6 27. Nxc8
Rg8 28. Qe2 1-0

[Event "SC Rochade Emsdetten 3 - SV Heiden 2"]
[Site "Verbandklasse Platz 9 - 11 20"]
[Date "2023.04.22"]
[Round "3.8"]
[White "LI, David"]
[Black "Meis, Jonas"]
[Result "0-1"]
[WhiteElo "1354"]
[BlackElo "1616"]
[PlyCount "104"]
[EventDate "2023.??.??"]
[SourceTitle "Verband Muensterland"]
[SourceDate "2023.04.29"]
[SourceVersion "1"]
[SourceVersionDate "2023.04.29"]
[SourceQuality "1"]
[WhiteTeam "Emsdetten Rochade III"]
[BlackTeam "Heiden II"]
[WhiteTeamCountry "GER"]
[BlackTeamCountry "GER"]

1. Nf3 d5 2. d4 Bf5 3. Bf4 e6 4. e3 Nf6 5. a3 Bd6 6. Bxd6 Qxd6 7. c4 c6 8. Nc3
Nbd7 9. Qb3 Rb8 10. Qa4 a6 11. Qa5 O-O 12. c5 Qe7 13. Na4 e5 14. Nb6 exd4 15.
Nxd4 Bg6 16. Nxd7 Nxd7 17. b4 Be4 18. Qa4 Rfe8 19. Qd1 Qf6 20. Qg4 Qxd4 21.
exd4 Bf3+ 22. Kd2 Bxg4 23. Bd3 Nf8 24. f3 Bh5 25. a4 Ne6 26. Kc3 Nf4 27. Ra2
Re3 28. Rd1 Bg6 29. Rad2 Nxd3 30. Rxd3 Rxd3+ 31. Rxd3 Bxd3 32. Kxd3 b6 33. Kc3
bxc5 34. bxc5 a5 35. g3 Rb4 36. h4 Rxa4 37. Kb3 Rxd4 38. h5 Rd3+ 39. Ka4 Rxf3
40. h6 Rxg3 41. Kxa5 gxh6 42. Kb6 Rg6 43. Kc7 d4 44. Kb6 d3 45. Kb7 d2 46. Kb8
d1=Q 47. Kc7 Qd5 48. Kb6 Rg4 49. Kb7 Qxc5 50. Kc7 Qe7+ 51. Kc8 Rd4 52. Kb8 Rd8#
0-1